000 00787nam a2200229 i 4500
001 bg
100 1 _aŻEBROWSKA-CIELEK, Joanna
245 1 0 _aNUTS - nomenklatura jednostek terytorialnych do celów statystycznych /
_cJoanna Żebrowska-Cielek ; Polska Agencja Rozwoju Regionalnego.
260 _aWarszawa :
_bInstytut Technologii Eksploatacji,
_c2001.
300 _a24 s. :
_b1 mapa ;
_c24 cm.
650 9 _aUnia Europejska
_xadministracja
_xterminologia
651 9 _aPolska
_xadministracja
_xterminologia
655 _aDane statystyczne
710 0 _aPolska Agencja Rozwoju Regionalnego
020 _a8387174378
040 _cBPK
041 0 _apl
080 _a352/353.071:311](4-67:438)
920 _a83-87174-37-8
942 _cKS
008 s pl f |000 0 pol
999 _c41717
_d41717
856 _uhttp://koha.tu.koszalin.pl/cgi-bin/koha/opac-detail.pl?biblionumber=41717
_yKatalog online BPK